000 00720nam a2200241Ia 4500
003 OSt
005 20220918105551.0
006 a|||||r|||| 00| 0
007 ta
008 220915b |||||||| |||| 00| 0 eng d
024 _a245324
037 _cReference Collections
040 _aARTS
_cARTS
_beng
041 _2eng
_aeng
082 _aP111:4k, 156M2(RR)
100 _aOza Shantilal Sarabhai Co.
_92285
245 0 _aModern combined dictionary
_b English into English and Gujrati
260 _aBombay
_bR.R.Seth India
_c1982
300 _a471p.
650 _aLINGUISTICS
942 _hP111:4k, 156M2(RR)
_cREF
999 _c108137
_d108137